Normal view
MARC view
- Soni, Patanjal Lal, [from old catalog]
Entry Personal Name
001 - CONTROL NUMBER
- control field: 456
003 - CONTROL NUMBER IDENTIFIER
- control field: NUST
005 - DATE AND TIME OF LATEST TRANSACTION
- control field: 20170511130111.0
008 - FIXED-LENGTH DATA ELEMENTS
- fixed length control field: 170511|| aca||aabn | a|a d
040 ## - CATALOGING SOURCE
- Original cataloging agency: NUST
- Transcribing agency: NUST
100 ## - HEADING--PERSONAL NAME
- Personal name: Soni, Patanjal Lal, [from old catalog]
- Relator term: joint author.
670 ## - SOURCE DATA FOUND
- Source citation: Work cat.: (NUST)0: Tuli, Gopal Das, 454, B. Sc. physical chemistry pass book;, 1991-92.
